000 00753cam a22002651 4500
001 sa 68006228
003 DLC
005 20260227112514.0
008 890420s1968 ii b 000 0 hino
010 _asa 68006228
035 _a(OCoLC)19575630
040 _aDLC
_cWaU
_dDLC
042 _apremarc
043 _aa-ii---
050 0 0 _aPK1967.2
_b.G8
100 1 _aGupta, Jagadīśa,
_d1924-2001.
245 1 0 _aBrajabhāshā Kr̥shṇa -- bhakti kāvya.
260 _c[1968]
300 _a325, [1] p.
_c22 cm.
500 _aIn Hindi; some quotations in Braj.
504 _aBibliography: p. 320-[326]
650 0 _aBraj poetry
_xHistory and criticism.
650 0 _aKrishna (Hindu deity) in literature.
740 0 _aKr̥shṇa-bhakti kāvya.
999 _c81189
_d81189